000 00288nam a22001337a 4500
008 170627b xxu||||| |||| 00| 0 eng d
020 _a0195002067
041 _aeng
080 _a82
100 _a21
101 _aGJL
245 _aTHE CLASSICAL TRADITION
_cHIGHET, G
942 _2udc
_cBK
999 _c19251
_d19251